[Event "GER-ch U10 Girls"]
[Site "Willingen"]
[Date "2020.10.27"]
[Round "1"]
[White "Bako, Isabella"]
[Black "Nalam, Mokshadha"]
[Result "0-1"]
[WhiteElo "1153"]
[BlackElo "962"]
[PlyCount "126"]
[EventDate "2020.10.26"]
[EventType "swiss"]
[EventRounds "7"]
[EventCountry "GER"]
[SourceTitle "CBM 199 Extra"]
[Source "ChessBase"]
[SourceDate "2021.01.31"]
[SourceVersion "1"]
[SourceVersionDate "2021.01.31"]
[SourceQuality "1"]

1. e4 e5 2. Nf3 Nc6 3. d4 exd4 4. c3 dxc3 5. Bc4 Bb4 6. Nxc3 d6 7. Qb3 Qe7 8. Ng5 Bxc3+ 9. bxc3 Be6 10. Bxe6 fxe6 11. Qxe6 Qxe6 12. Nxe6 Kf7 13. Nxc7 Rc8 14. Nd5 Nge7 15. Ba3 Rhe8 16. Nxe7 Rxe7 17. f3 Re6 18. 0-0 Na5 19. Rac1 Kg8 20. Rfd1 Nc4 21. Bb4 a5 22. Bxd6 Nxd6 23. e5 Nc4 24. f4 h6 25. Rd5 Rf8 26. g3 b6 27. Rd4 Na3 28. c4 Rc8 29. Re4 g6 30. g4 b5 31. Re3 Nxc4 32. Rb3 b4 33. Rd3 g5 34. Rd4 Rec6 35. e6 Kf8 36. f5 Nd6 37. Rxc6 Rxc6 38. f6 Ne8 39. f7 Rxe6 40. fxe8Q+ Rxe8 41. Rd5 Re1+ 42. Kf2 Ra1 43. Rxa5 b3 44. Rb5 bxa2 45. Ra5 Ke7 46. Ke3 Re1+ 47. Kd4 a1Q+ 48. Rxa1 Rxa1 49. Ke4 Rh1 50. Kf5 Rxh2 51. Ke5 h5 52. gxh5 Rxh5 53. Kf5 Kf7 54. Kg4 Kg6 55. Kg3 Kf5 56. Kf3 Rh4 57. Kg3 Ke4 58. Kf2 Kf4 59. Kg2 Rg4+ 60. Kh3 Kf3 61. Kh2 Rh4+ 62. Kg1 g4 63. Kf1 Rh1# 0-1